00295nam a2200109Ia 4500008004100000041000800041082002400049100002000073245003900093260004400132300000900176230411s9999 xx 000 0 und d aeng aF/610.73/KAG/B04371 aInamdar Madhuri aNursing Arts Questions and Answers bVora Medical PublicationsaMumbaic2002 a261p